000 00764nam a22002297a 4500
005 20170124105929.0
010 _aB-011613
020 _c00.00
_a0195648951
035 _aB-011613
037 _bCen Lib/Ret
040 _aDPL
_bEN
082 _a305.26
_bCOH
100 _aCohen, Lawrence
_97885
245 _aNo aging in India :
_cby Lawrence Cohen
_bModernity senility and the family /
260 _aNew Delhi
_bOxford University Press
_c1992
270 _aYMCA Library Building Jai Singh Road
_bNew Delhi
_e110092
300 _axxiv,367p.
_c20cm(Hb)
500 _aIncludes bibliographical reference and index
650 _aAging--Anthropological aspects
_97886
650 _aManners and customs
_9107957
942 _2ddc
_cEN
_h305.26
_mCOH
999 _c123740
_d123740